| 000 | 00901nam a2200217 a 4500 | ||
|---|---|---|---|
| 001 | 000403587 | ||
| 003 | AM-YeHGA | ||
| 005 | 20250617132542.0 | ||
| 008 | 050119s1884 ru r 000 0 arm d | ||
| 040 | _aAM-YeHGA | ||
| 041 | 0 | _arus | |
| 245 | 0 | 0 |
_aԲռնի միութիւն հայոց Լեհաստանի ընդ եկեղեցւոյն Հռովմայ : _bԺամանակակից յիշատակարանք / _cԱռաջաբ.՝ Կ. Եջեանց. |
| 260 |
_aՍ. Պետերբուրգ : _bտպ. Ա.Ա. Կրաեւսկու, _c1884. |
||
| 300 |
_a(Ը-ԿԶ), 270, (Ա-Ը) էջ ; _c23 սմ. |
||
| 504 | _aՄատենագիտ. տողատ. ծանոթ. | ||
| 650 | 1 | 4 | _aՀայոց պատմություն |
| 650 | 1 | 4 |
_aՊատմություն _zԼեհաստան |
| 856 | 4 | 1 |
_uhttp://greenstone.flib.sci.am/gsdl/collect/haygirq/book/brni_miutyun.pdf _yԿարդալ առցանց |
| 942 |
_2udc _cBK |
||
| 090 | _c154545 | ||
| 999 |
_c153149 _d153149 |
||